000
00297nam a22001217a 4500
040
_c
SCME
100
_a
Robeert A.Mayers
_9
122678
245
_a
Encyclopedia of Physical Science and Technology
250
_a
3rd ed.
260
_a
USA
_b
Academic Press
_c
2002
300
_a
1028p.
942
_2
ddc
_c
ENC
999
_c
609131
_d
609131